[Event "Summer Prague Open 2025 - A"]
[Site "Olympik hotel, Sokolovska 138, Praha"]
[Date "2025.08.11"]
[Round "4"]
[Board "15"]
[White "Brejnik, Gustav"]
[Black "Medhvansh, Madeti"]
[Result "1-0"]
[WhiteElo "2220"]
[BlackElo "1991"]
[PlyCount "0"]
[EventDate "2025.08.08"]
[EventRounds "9"]
[EventCountry "CZE"]

1. d4 d5 2. c4 e6 3. Nf3 Nf6 4. g3 Bb4+ 5. Nc3 O-O 6. Bg2 dxc4 7. O-O c6 8. Ne5 Nd5
9. Qc2 b5 10. a4 f6 11. Nf3 Bxc3 12. bxc3 Bb7 13. Ba3 Re8 14. Nd2 a5 15. Rab1 Qd7
16. Ne4 Na6 17. Nd6 b4 18. Nxe8 b3 19. Nxf6+ gxf6 20. Qd2 Nb6 21. Qf4 Nxa4 22. Qxf6
Nxc3 23. Rb2 Qf7 24. Qg5+ Qg7 25. Qxa5 Nb5 26. Rbb1 Nac7 27. Qb6 Nxa3 28. Qxb7 Nxb1
29. Rxb1 Rd8 30. Qxc6 Qxd4 31. Qxc7 c3 32. Rxb3 Rf8 33. Qxc3 Qxf2+ 34. Kh1 Rd8 35.
h4 Qxe2 36. Kh2 Rd2 37. Rb8+ Kf7 38. Rb7+ Kg6 39. Qg7+ Kf5 40. Qg5#  1-0

[Event "Summer Prague Open 2025 - A"]
[Site "Olympik hotel, Sokolovska 138, Praha"]
[Date "2025.08.11"]
[Round "4"]
[Board "16"]
[White "Olsen, Aage Dalstrup"]
[Black "Toroptseva, Yevheniia"]
[Result "1-0"]
[WhiteElo "1986"]
[BlackElo "2201"]
[PlyCount "0"]
[EventDate "2025.08.08"]
[EventRounds "9"]
[EventCountry "CZE"]

1. e4 c5 2. d4 cxd4 3. c3 dxc3 4. Nxc3 Nc6 5. Nf3 e6 6. Bc4 Nge7 7. O-O Ng6 8. Qe2
Be7 9. Rd1 O-O 10. Be3 a6 11. a4 b6 12. Rac1 Bb7 13. Bb3 Bf6 14. h3 Na5 15. Ba2 Bxc3
16. Rxc3 Bxe4 17. Ng5 Bc6 18. Qh5 h6 19. Nxe6 fxe6 20. Qxg6 Qe7 21. Bb1 Rf6 22. Qh7+
Kf7 23. Bd4 e5 24. Re1 Re6 25. Bxb6 Nb7 26. Ba2 e4 27. Qf5+ Kg8 28. Bxe6+ dxe6 29.
Qe5 Qd7 30. Bd4 Rc8 31. Rg3 Rc7 32. Rc1 Nd6 33. Rxc6 Qxc6 34. Rxg7+ Kf8 35. Qf6+
Rf7 36. Rg8+ Kxg8 37. Qh8#  1-0

[Event "Summer Prague Open 2025 - A"]
[Site "Olympik hotel, Sokolovska 138, Praha"]
[Date "2025.08.11"]
[Round "4"]
[Board "17"]
[White "Mannion, Stephen R"]
[Black "Fock, Madiha"]
[Result "1-0"]
[WhiteElo "2179"]
[BlackElo "1990"]
[PlyCount "0"]
[EventDate "2025.08.08"]
[EventRounds "9"]
[EventCountry "CZE"]

1. e4 c5 2. Nf3 d6 3. Bb5+ Bd7 4. Bxd7+ Qxd7 5. c4 Nf6 6. Nc3 g6 7. d4 cxd4 8. Nxd4
Bg7 9. f3 O-O 10. Be3 Nc6 11. O-O a6 12. Qd3 e6 13. b3 Rfd8 14. Rad1 Rab8 15. Nxc6
bxc6 16. Kh1 Qb7 17. Na4 h6 18. Rfe1 Nh5 19. Qd2 Kh7 20. Bb6 Rd7 21. e5 Bf8 22. Bc5
Ng7 23. Bxd6 Bxd6 24. exd6 Nf5 25. Nc5 Rxd6 26. Qxd6 Nxd6 27. Nxb7 Nxb7 28. Rd7 Kg7
29. Red1 Kf6 30. Rc7 Rd8 31. Rxd8 Nxd8 32. Rd7  1-0

[Event "Summer Prague Open 2025 - A"]
[Site "Olympik hotel, Sokolovska 138, Praha"]
[Date "2025.08.11"]
[Round "4"]
[Board "18"]
[White "Grochol, Kamil"]
[Black "Hill, Andy"]
[Result "1-0"]
[WhiteElo "2150"]
[BlackElo "1989"]
[PlyCount "0"]
[EventDate "2025.08.08"]
[EventRounds "9"]
[EventCountry "CZE"]

1. d4 Nf6 2. c4 g6 3. Nc3 Bg7 4. e4 d6 5. Nge2 O-O 6. Ng3 e5 7. d5 a5 8. Be2 Na6
9. h4 h5 10. Bg5 Qe8 11. Qd2 Ng4 12. Bxg4 Bxg4 13. f3 Bd7 14. O-O-O Rb8 15. Nge2
Kh7 16. Be3 f5 17. exf5 gxf5 18. f4 e4 19. Ba7 Ra8 20. Bd4 Bh6 21. Ng1 Nc5 22. Nh3
Nd3+ 23. Kb1 c5 24. dxc6 bxc6 25. Ne2 Be6 26. b3 d5 27. c5 Bc8 28. Ng5+ Kg8 29. Rh3
Rf7 30. Nxf7 Qxf7 31. Rxd3 exd3 32. Qxd3 Ba6 33. Qf3 Bxe2 34. Qxe2 Bxf4 35. Qf3 Bc7
36. Re1 f4 37. Qe2 a4 38. b4 a3 39. Qe6 Rb8 40. Bc3 d4 41. Bd2 Qxe6 42. Rxe6 Ba5
43. Rxc6 Bxb4 44. Rb6 Rxb6 45. cxb6 Bd6 46. Kc2 Kf7 47. Kd3 Ke6 48. Kxd4 Bb8 49.
Ke4 Kd7 50. Bxf4 Bxf4 51. Kxf4 Kc6 52. g4  1-0

[Event "Summer Prague Open 2025 - A"]
[Site "Olympik hotel, Sokolovska 138, Praha"]
[Date "2025.08.11"]
[Round "4"]
[Board "19"]
[White "Smilek, Petr"]
[Black "Flasik, Radoslav"]
[Result "1/2-1/2"]
[WhiteElo "1980"]
[BlackElo "2143"]
[PlyCount "0"]
[EventDate "2025.08.08"]
[EventRounds "9"]
[EventCountry "CZE"]

1. e4 c5 2. c4 Nc6 3. Nc3 g6 4. g3 Bg7 5. Bg2 d6 6. Nge2 e6 7. O-O Nge7 8. a3 O-O
9. Rb1 Nd4 10. d3 Nec6 11. b4 Nxe2+ 12. Nxe2 Nd4 13. Nxd4 Bxd4 14. Bb2 e5 15. Bxd4
cxd4 16. Qd2 Kg7 17. Rbc1 Bd7 18. b5 a6 19. Qb4 Qc7 20. a4 Rfc8 21. Ra1 b6 22. h4
Bg4 23. f3 Be6 24. Kh2 Ra7 25. a5 axb5 26. axb6 Qxb6 27. Rxa7 Qxa7 28. cxb5 Qb6 29.
f4 Rc5 30. f5 Rxb5 31. Qd2 Bc8 32. f6+ Kf8 33. Qh6+ Ke8 34. Qxh7 Be6 35. Rf2 Rb2
36. Rxb2 Qxb2 37. h5 gxh5 38. Qxh5 Kd7 39. Qd1 Bb3 40. Qg4+ Kc7 41. Qg8 Be6 42. Qa8
Qb4 43. Qa7+ Kc6 44. g4 Qd2 45. Qa6+ Kc5 46. g5 Bg4 47. Qa3+ Kb5 48. Qb3+ Ka5 49.
Qa3+ Kb5  1/2-1/2

[Event "Summer Prague Open 2025 - A"]
[Site "Olympik hotel, Sokolovska 138, Praha"]
[Date "2025.08.11"]
[Round "4"]
[Board "20"]
[White "Hozda, Max"]
[Black "Moser, Axel"]
[Result "1-0"]
[WhiteElo "1963"]
[BlackElo "2137"]
[PlyCount "0"]
[EventDate "2025.08.08"]
[EventRounds "9"]
[EventCountry "CZE"]

1. d4 Nf6 2. c4 e6 3. Nc3 Bb4 4. e3 O-O 5. Bd3 c5 6. Nge2 cxd4 7. exd4 d5 8. O-O
dxc4 9. Bxc4 Nc6 10. a3 Be7 11. Bg5 b6 12. Qd3 Bb7 13. Rad1 Rc8 14. Ba2 Nd5 15. Bb1
g6 16. Bh6 Re8 17. Nxd5 Qxd5 18. Nf4 Qd6 19. Rfe1 Bf6 20. d5 exd5 21. Nxd5 Bd4 22.
Ba2 Bxb2 23. Ne7+ Qxe7 24. Rxe7 Nxe7 25. Qb3  1-0

[Event "Summer Prague Open 2025 - A"]
[Site "Olympik hotel, Sokolovska 138, Praha"]
[Date "2025.08.11"]
[Round "4"]
[Board "21"]
[White "Davidek, Zdenek"]
[Black "Jiricek, Jakub"]
[Result "1-0"]
[WhiteElo "2122"]
[BlackElo "1986"]
[PlyCount "0"]
[EventDate "2025.08.08"]
[EventRounds "9"]
[EventCountry "CZE"]

1. d4 d5 2. c4 e6 3. Nf3 Nf6 4. Nc3 Bd6 5. c5 Be7 6. Bf4 c6 7. e3 b6 8. b4 O-O 9.
Bd3 a5 10. a3 Ba6 11. O-O Nbd7 12. Bxa6 Rxa6 13. b5 cxb5 14. c6 Qc8 15. c7 b4 16.
Nb5 Ne4 17. Qd3 bxa3 18. Rfc1 Qb7 19. Nd2 Raa8 20. Nxe4 dxe4 21. Qc4 Nf6 22. Bd6
Nd5 23. Rxa3 g6 24. f3 Qc8 25. fxe4 Qd7 26. e5 f6 27. e4 Bxd6 28. Nxd6 Ne7 29. exf6
Qxd6 30. fxe7 Qxe7 31. Rb3 a4 32. Rxb6 a3 33. Qxe6+ Qxe6 34. Rxe6 a2 35. Ra1 Rfc8
36. Rc6 Ra7 37. Rc2 Rcxc7 38. Rxc7 Rxc7 39. Rxa2  1-0

[Event "Summer Prague Open 2025 - A"]
[Site "Olympik hotel, Sokolovska 138, Praha"]
[Date "2025.08.11"]
[Round "4"]
[Board "22"]
[White "Kovar, Josef"]
[Black "Horacek, Michal"]
[Result "0-1"]
[WhiteElo "1957"]
[BlackElo "2115"]
[PlyCount "0"]
[EventDate "2025.08.08"]
[EventRounds "9"]
[EventCountry "CZE"]

1. Nf3 Nf6 2. b3 d6 3. d4 g6 4. Bb2 Bg7 5. Nbd2 d5 6. c4 c6 7. g3 O-O 8. Bg2 Bf5
9. O-O Nbd7 10. Nh4 Bg4 11. h3 Be6 12. Qc2 Rc8 13. e4 dxe4 14. Nxe4 Nxe4 15. Qxe4
b5 16. Qe2 bxc4 17. bxc4 Nb6 18. Rac1 Bxd4 19. Rfd1 c5 20. Nf3 Bxb2 21. Rxd8 Bxc1
22. Rxf8+ Rxf8 23. Qc2 Bh6 24. Ne5 Rd8 25. f4 Bg7 26. Qf2 Bxe5 27. fxe5 Rd4 28. Bd5
Nxd5 29. cxd5 Rd1+ 30. Kh2 Rxd5 31. Qb2 a5 32. g4 h6 33. Kg3 Rd3+ 34. Kg2 c4 35.
a4 c3 36. Qb8+ Kg7 37. Qc7 Rd2+ 38. Kf3 c2 39. Ke3 Rh2 40. h4 Rxh4 41. Qxc2 Rxg4
42. Kf3 Rb4 43. Qc5 Rxa4 44. Qxe7 Rc4 45. Ke3 a4 46. Kd3 Rg4 47. Kc3 a3 48. Qa7 a2
49. Kb2 Rb4+  0-1

[Event "Summer Prague Open 2025 - A"]
[Site "Olympik hotel, Sokolovska 138, Praha"]
[Date "2025.08.11"]
[Round "4"]
[Board "23"]
[White "Thomas, Kenneth"]
[Black "Fogel, Pierre"]
[Result "1/2-1/2"]
[WhiteElo "1907"]
[BlackElo "2103"]
[PlyCount "0"]
[EventDate "2025.08.08"]
[EventRounds "9"]
[EventCountry "CZE"]

1. d4 d5 2. c4 e6 3. cxd5 exd5 4. Nc3 c6 5. Nf3 Bf5 6. e3 Nd7 7. Bd3 Bxd3 8. Qxd3
Ngf6 9. O-O Be7 10. b3 O-O 11. Bb2 Re8 12. Rac1 Bd6 13. Nd2 h6 14. h3 Qe7 15. Na4
Rad8 16. Nc5 Bxc5 17. dxc5 Nxc5 18. Qc2 Ne6 19. Nf3 Ne4 20. Rfd1 Rc8 21. Nd4 Nxd4
22. Bxd4 c5 23. Ba1 Red8 24. Qb2 f6 25. b4 cxb4 26. Rxc8 Rxc8 27. Rxd5 Kh8 28. Rd4
a5 29. Qb1 Nc3 30. Qd3 Nxa2 31. Rd7 Qf8 32. Bd4 Nc1 33. Qb5 Nb3 34. Ba7 Nc5 35. Rd5
Ne6 36. Qxa5 Rc6 37. Bb6 Qb8 38. g3 Qc8 39. Qxb4 Rc1+ 40. Kg2 Qc6 41. Qd6 Qxd6 42.
Rxd6 Rc6 43. Rxc6 bxc6 44. Kf1 Kg8 45. Ke2 Kf7 46. f4 Ke7 47. Kd3 f5 48. e4 g6 49.
Be3 Kd6 50. exf5 gxf5 51. g4 Nc5+ 52. Kc4 Ne4 53. gxf5 Ng3 54. f6 h5 55. f7 Ke7 56.
Kc5 Kxf7 57. Kxc6 Ke6 58. Kc5 Kf5 59. Kd4 Ne2+ 60. Kd3 Nxf4+ 61. Bxf4 Kxf4 62. h4
Kg4 63. Ke2 Kxh4 64. Kf1 Kg3 65. Kg1 h4 66. Kh1 h3 67. Kg1 h2+ 68. Kh1 Kh3  1/2-1/2

[Event "Summer Prague Open 2025 - A"]
[Site "Olympik hotel, Sokolovska 138, Praha"]
[Date "2025.08.11"]
[Round "4"]
[Board "24"]
[White "Pavlis, Matej"]
[Black "Nilsson, Patrik 1968"]
[Result "0-1"]
[WhiteElo "2098"]
[BlackElo "1967"]
[PlyCount "0"]
[EventDate "2025.08.08"]
[EventRounds "9"]
[EventCountry "CZE"]

1. d4 d6 2. Nf3 Nf6 3. c4 g6 4. g3 Bg7 5. Bg2 O-O 6. Nc3 c6 7. O-O Qa5 8. e4 Bg4
9. h3 Bxf3 10. Bxf3 Nbd7 11. Be3 c5 12. d5 Qb4 13. Qb3 a5 14. Be2 Nb6 15. f4 Nfd7
16. Rab1 Qxb3 17. axb3 a4 18. bxa4 Nxa4 19. Nd1 Ra7 20. b3 Nc3 21. Nxc3 Bxc3 22.
b4 Ra2 23. Bg4 f5 24. bxc5 fxg4 25. cxd6 exd6 26. Rxb7 Nf6 27. e5 dxe5 28. fxe5 Bxe5
29. Bc5 Rc8 30. Re7 Rxc5 31. Rxe5 Rxc4 32. Rxf6 Rc1+ 33. Rf1 Rcc2 34. Re8+ Kg7 35.
Re7+ Kh6 36. Rff7 gxh3 37. Rxh7+ Kg5 38. Re1 Rg2+ 39. Kh1 Rh2+ 40. Kg1 Rag2+ 41.
Kf1 Rh1#  0-1

[Event "Summer Prague Open 2025 - A"]
[Site "Olympik hotel, Sokolovska 138, Praha"]
[Date "2025.08.11"]
[Round "4"]
[Board "25"]
[White "Avcu, Uraz"]
[Black "Rossi, Gabriele Valerio"]
[Result "0-1"]
[WhiteElo "1896"]
[BlackElo "2071"]
[PlyCount "0"]
[EventDate "2025.08.08"]
[EventRounds "9"]
[EventCountry "CZE"]

1. Nf3 Nf6 2. g3 b6 3. Bg2 Bb7 4. d4 e6 5. O-O Be7 6. c4 O-O 7. Nc3 Ne4 8. Nd2 Nxc3
9. bxc3 Bxg2 10. Kxg2 f5 11. e4 Nc6 12. f4 Qc8 13. Qe2 Qb7 14. d5 Na5 15. Nb3 Rae8
16. Nxa5 bxa5 17. e5 Rb8 18. Qd3 Bc5 19. Bd2 Qa8 20. Rab1 Rb6 21. Rxb6 axb6 22. Rd1
a4 23. Be3 Rb8 24. h4 a3 25. h5 Bxe3 26. Qxe3 b5 27. c5 b4 28. cxb4 Rxb4 29. c6 Rb2+
30. Kh3 dxc6 31. d6 c5 32. dxc7 Qg2+ 33. Kh4 h6 34. c8=Q+ Kh7 35. Qg1 Qh2+  0-1

[Event "Summer Prague Open 2025 - A"]
[Site "Olympik hotel, Sokolovska 138, Praha"]
[Date "2025.08.11"]
[Round "4"]
[Board "26"]
[White "Mrinmoy, Rajkhowa"]
[Black "Rajnys, Vladimir"]
[Result "1-0"]
[WhiteElo "2068"]
[BlackElo "1961"]
[PlyCount "0"]
[EventDate "2025.08.08"]
[EventRounds "9"]
[EventCountry "CZE"]

1. e4 c5 2. Nf3 d6 3. d4 cxd4 4. Nxd4 Nf6 5. Nc3 a6 6. Be3 e5 7. Nb3 Be6 8. f3 h5
9. Qd2 Be7 10. O-O-O Nbd7 11. h3 b5 12. Kb1 Nb6 13. Qf2 Nfd7 14. f4 b4 15. Nd5 Bxd5
16. exd5 Na4 17. fxe5 Nxe5 18. Be2 Bf6 19. Bd4 h4 20. Nd2 O-O 21. Ne4 Be7 22. Bxe5
dxe5 23. d6 Bg5 24. Bc4 Bf4 25. Bb3 Nb6 26. Nc5 Nd7 27. Nxd7 Qxd7 28. Qxh4 a5 29.
g3 Be3 30. Rhf1 Ra6 31. Qe7  1-0

[Event "Summer Prague Open 2025 - A"]
[Site "Olympik hotel, Sokolovska 138, Praha"]
[Date "2025.08.11"]
[Round "4"]
[Board "27"]
[White "Koridze, Lile"]
[Black "Rohfleisch, Daniel"]
[Result "1-0"]
[WhiteElo "2110"]
[BlackElo "1975"]
[PlyCount "0"]
[EventDate "2025.08.08"]
[EventRounds "9"]
[EventCountry "CZE"]

1. d4 Nf6 2. c4 e6 3. Nf3 d5 4. g3 dxc4 5. Bg2 Bb4+ 6. Bd2 c5 7. Bxb4 cxb4 8. a3
Nc6 9. O-O O-O 10. e3 Bd7 11. axb4 Qb6 12. Na3 Qxb4 13. Qd2 Nd5 14. Qxb4 Ncxb4 15.
Ne5 Bc6 16. Nxc6 Nxc6 17. Nxc4 Rfd8 18. e4 Ndb4 19. d5 exd5 20. exd5 Nxd5 21. Bxd5
Rxd5 22. Nb6 Rad8 23. Nxd5 Rxd5 24. Rfd1 Rb5 25. Rxa7 g6 26. Ra8+ Kg7 27. Rb1 Ne5
28. b4 Nc6 29. Ra4 Kf6 30. Rc1 Ke5 31. Kg2 h5 32. Rd1 f6 33. Ra8 g5 34. Re1+ Kf5
35. Ra4 g4 36. Rc1 Ne5 37. Rc5 Rb6 38. b5 Ke6 39. Rd4 Kf5 40. Rcd5 Ke6 41. Rc5 Kf5
42. Rd7 Ke4 43. Re7 Kd4 44. Rcc7 Rxb5 45. Rxb7 Ra5 46. Rb4+ Kd5 47. Rf4 Ra1 48. Rxf6
Nf3 49. Rxf3 gxf3+ 50. Kxf3 Kd6 51. Rh7 Ra5 52. Rh6+ Ke7 53. h3 Kf7 54. g4 Ra3+ 55.
Kg2 hxg4 56. hxg4  1-0

[Event "Summer Prague Open 2025 - A"]
[Site "Olympik hotel, Sokolovska 138, Praha"]
[Date "2025.08.12"]
[Round "5"]
[Board "1"]
[White "Horak, Martin"]
[Black "Walek, Petr"]
[Result "1/2-1/2"]
[WhiteElo "2348"]
[BlackElo "2284"]
[PlyCount "0"]
[EventDate "2025.08.08"]
[EventRounds "9"]
[EventCountry "CZE"]

1. e4 e5 2. Nc3 Nf6 3. f4 d5 4. fxe5 Nxe4 5. Qf3 Nxc3 6. bxc3 Be7 7. d4 O-O 8. Bd3
f6 9. Qh5 g6 10. Bxg6 hxg6 11. Qxg6+ Kh8  1/2-1/2

[Event "Summer Prague Open 2025 - A"]
[Site "Olympik hotel, Sokolovska 138, Praha"]
[Date "2025.08.12"]
[Round "5"]
[Board "2"]
[White "Prokofiev, Valentyn"]
[Black "Jun, Rudolf"]
[Result "1-0"]
[WhiteElo "2426"]
[BlackElo "2283"]
[PlyCount "0"]
[EventDate "2025.08.08"]
[EventRounds "9"]
[EventCountry "CZE"]

1. d4 d5 2. c4 c6 3. Nc3 Nf6 4. Nf3 g6 5. cxd5 cxd5 6. Bf4 Nc6 7. e3 Bg7 8. h3 O-O
9. Be2 Ne4 10. O-O Bf5 11. Qb3 Na5 12. Qb4 Nxc3 13. bxc3 Rc8 14. Rfc1 h5 15. Nd2
Re8 16. Nb3 Nc4 17. Qxb7 Qb6 18. Qxd5 e5 19. dxe5 Red8 20. Qf3 Nxe5 21. Qg3 Nd3 22.
Bxd3 Rxd3 23. Be5 h4 24. Qf4 Bxe5 25. Qxe5 Qe6 26. Qf4 Qc4 27. Nd4 Rxc3 28. Re1 Bd3
29. Qxh4 Ra3 30. Qg4 Rc5 31. Red1 a5 32. Qd7 Rc3 33. Nf3 Bf5 34. Qe8+ Kg7 35. Rd8
Kf6 36. Qh8+ Ke7 37. Qf8+ Kf6 38. Rd6+ Be6 39. Qh8+ Kf5 40. g4+  1-0

[Event "Summer Prague Open 2025 - A"]
[Site "Olympik hotel, Sokolovska 138, Praha"]
[Date "2025.08.12"]
[Round "5"]
[Board "3"]
[White "Stojanovic, Mihajlo"]
[Black "Rosen, Bernd"]
[Result "1-0"]
[WhiteElo "2397"]
[BlackElo "2181"]
[PlyCount "0"]
[EventDate "2025.08.08"]
[EventRounds "9"]
[EventCountry "CZE"]

1. d4 Nf6 2. Nf3 c5 3. d5 d6 4. Nc3 g6 5. e4 Bg7 6. Bc4 O-O 7. O-O Bg4 8. h3 Bxf3
9. Qxf3 Nbd7 10. Qe3 a6 11. a4 Ne8 12. Qg3 b6 13. Bg5 h6 14. Be3 Nc7 15. f4 Rb8 16.
Be2 b5 17. axb5 axb5 18. Qh4 b4 19. Nd1 e6 20. Qxd8 Rfxd8 21. Ra7 Nb5 22. Bxb5 Rxb5
23. dxe6 fxe6 24. f5 exf5 25. exf5 gxf5 26. Rxf5 Ne5 27. Nf2 Rf8 28. Rxg7+ Kxg7 29.
Bxh6+ Kxh6 30. Rxf8 b3 31. cxb3 Kg7 32. Rd8 Nf7 33. Rd7 Kf8 34. Ne4 Rb6 35. b4 cxb4
36. b3 Ke8 37. Nf6+ Kf8 38. Ne4 Ke8 39. Nf6+ Kf8 40. h4 Rb5 41. g3 Rf5 42. Ne4 Rd5
43. Nf2 Ne5 44. Rb7 Rd4 45. h5 Nd3 46. Nxd3 Rxd3 47. Kg2 Rxb3 48. g4 Kg8 49. g5 Re3
50. Rxb4 Re5 51. Rg4 Kg7 52. Kg3 Re1 53. Rf4 Rg1+ 54. Kh4 Rh1+ 55. Kg4 Rg1+ 56. Kf5
Kf7 57. Rd4 Rf1+ 58. Kg4 Rg1+ 59. Kf5 Rf1+ 60. Rf4 Rg1 61. Ra4 Rf1+ 62. Ke4 Re1+
63. Kf3 Rf1+ 64. Kg2 Rf5 65. Rg4 Kg7 66. Kg3 Rf1 67. Ra4 Rg1+ 68. Kh4 Rh1+ 69. Kg4
Rg1+ 70. Kf5 Rf1+ 71. Ke6 Re1+ 72. Kxd6 Rd1+ 73. Ke6 Re1+ 74. Kf5 Rf1+ 75. Rf4 Ra1
76. Rd4 Rf1+ 77. Kg4 Rg1+ 78. Kf4 Rf1+ 79. Ke3 Re1+ 80. Kf3 Rf1+ 81. Kg2 Rf5 82.
Rg4 Ra5 83. Rg3 Ra1 84. Kh3 Rh1+ 85. Kg4 Ra1 86. Rf3 Ra4+ 87. Rf4 Ra1 88. h6+ Kh7
89. Rf7+ Kg8 90. Rb7 Ra4+ 91. Kh5 Ra5 92. Rg7+ Kh8 93. Rf7 Kg8 94. Rf6 Kh7 95. Re6
Rf5 96. Re7+ Kh8 97. Kg4 Ra5 98. g6 Ra8 99. Kf5 Rf8+ 100. Ke6 Ra8 101. Rd7 Re8+ 102.
Kd6 Ra8 103. Ke7  1-0

[Event "Summer Prague Open 2025 - A"]
[Site "Olympik hotel, Sokolovska 138, Praha"]
[Date "2025.08.12"]
[Round "5"]
[Board "4"]
[White "Lever, Erwan"]
[Black "Heinrich, John"]
[Result "0-1"]
[WhiteElo "2226"]
[BlackElo "2351"]
[PlyCount "0"]
[EventDate "2025.08.08"]
[EventRounds "9"]
[EventCountry "CZE"]

1. d4 Nf6 2. c4 g6 3. Nc3 d5 4. Nf3 Bg7 5. Bf4 O-O 6. Rc1 dxc4 7. e3 Be6 8. Ng5 Bd5
9. e4 h6 10. exd5 hxg5 11. Bxg5 Nxd5 12. Bxc4 Nb6 13. Bb3 Nc6 14. Ne2 a5 15. a4 Nd5
16. h4 Ncb4 17. h5 Ra6 18. Ng3 Qd7 19. Kf1 Re8 20. Rc5 Rc6 21. Rxa5 e5 22. dxe5 Rxe5
23. h6 Rxg5 24. h7+ Kf8 25. h8=Q+ Bxh8 26. Rxh8+ Kg7 27. Raa8 Ne3+ 28. fxe3 Qxd1+
29. Bxd1 Rxg3 30. Rag8+ Kf6 31. Bf3 Rc2 32. Rh4 Nd3 33. Rd8 Ne5 34. Rdd4 g5 35. Bd1
Rcxg2 36. Rh6+ Kg7 37. Rh1 Rxb2 38. Re4 Nd3  0-1

[Event "Summer Prague Open 2025 - A"]
[Site "Olympik hotel, Sokolovska 138, Praha"]
[Date "2025.08.12"]
[Round "5"]
[Board "5"]
[White "Petr, Jakub"]
[Black "Botea, David-Alexandru"]
[Result "0-1"]
[WhiteElo "2292"]
[BlackElo "2166"]
[PlyCount "0"]
[EventDate "2025.08.08"]
[EventRounds "9"]
[EventCountry "CZE"]

1. d4 Nf6 2. c4 c5 3. d5 b5 4. cxb5 a6 5. e3 axb5 6. Bxb5 Qa5+ 7. Nc3 Bb7 8. Bd2
Qb6 9. Bc4 e6 10. e4 Nxe4 11. Nf3 Nf6 12. O-O Be7 13. Bf4 exd5 14. Nxd5 Nxd5 15.
Bxd5 O-O 16. Be5 Nc6 17. Bc3 Nb4 18. Bb3 d5 19. a3 d4 20. Nxd4 cxd4 21. Bxb4 Bxb4
22. axb4 Rxa1 23. Qxa1 Qxb4 24. Qa4 Qxa4 25. Bxa4 Ra8 26. Bb3 Kf8 27. Rd1 Rd8 28.
Bc4 Be4 29. Rd2 Bb1 30. f3 Ke7 31. Kf2 Kf6 32. b4 Bf5 33. Rb2 Be6 34. Bd3 Rb8 35.
Ke2 Ke5 36. Kd2 Bd5 37. b5 Kd6 38. Rb4 Kc5 39. Ra4 h6 40. Ra7 Ra8 41. Rxa8 Bxa8 42.
Kc2 Bd5 43. Kb2 Kb4 44. Be2 Ka5 45. Ka3 Be6 46. f4 Bd7 47. b6 Kxb6 48. Kb4 Bc6 49.
Bf3 Bxf3 50. gxf3 Kc6 51. Kc4 Kd6 52. Kxd4 Ke6 53. Ke4 g6 54. h3 Kf6 55. h4 h5 56.
f5 g5 57. hxg5+ Kxg5 58. Ke5 h4 59. f4+ Kg4 60. f6 h3 61. Kd6 h2 62. Ke7 h1=Q 63.
Kxf7 Kf5 64. Kg7 Qg2+  0-1

[Event "Summer Prague Open 2025 - A"]
[Site "Olympik hotel, Sokolovska 138, Praha"]
[Date "2025.08.12"]
[Round "5"]
[Board "6"]
[White "Lalic, Bogdan"]
[Black "Toniolo, Samuel"]
[Result "1/2-1/2"]
[WhiteElo "2317"]
[BlackElo "2078"]
[PlyCount "0"]
[EventDate "2025.08.08"]
[EventRounds "9"]
[EventCountry "CZE"]

1. d4 Nf6 2. c4 g6 3. Nc3 d5 4. Nf3 Bg7 5. Bg5 Ne4 6. cxd5 Nxg5 7. Nxg5 e6 8. Qd2
h6 9. Nf3 exd5 10. e3 O-O 11. Be2 c6 12. b4 Nd7 13. O-O Nf6 14. Bd3 Re8 15. Qc2 Qe7
16. b5 c5 17. dxc5 Qxc5 18. Rac1 Bg4 19. Nd4 Rac8 20. h3 Bd7 21. Qb3 Ne4 22. Nce2
 1/2-1/2

[Event "Summer Prague Open 2025 - A"]
[Site "Olympik hotel, Sokolovska 138, Praha"]
[Date "2025.08.12"]
[Round "5"]
[Board "7"]
[White "Rossi, Gabriele Valerio"]
[Black "Kulhanek, Tomas"]
[Result "1/2-1/2"]
[WhiteElo "2071"]
[BlackElo "2289"]
[PlyCount "0"]
[EventDate "2025.08.08"]
[EventRounds "9"]
[EventCountry "CZE"]

1. e4 c5 2. Nc3 Nc6 3. Bb5 g6 4. Bxc6 dxc6 5. f4 Bg7 6. Nf3 Bg4 7. d3 c4 8. O-O cxd3
9. cxd3 Qb6+ 10. Kh1 O-O-O 11. h3 h5 12. hxg4 hxg4+ 13. Nh2 f5 14. g3 Qa6 15. Be3
Qxd3 16. Qxd3 Rxd3 17. Rfe1 Bxc3 18. bxc3 Nf6 19. exf5 gxf5 20. Kg2 Ne4  1/2-1/2

[Event "Summer Prague Open 2025 - A"]
[Site "Olympik hotel, Sokolovska 138, Praha"]
[Date "2025.08.12"]
[Round "5"]
[Board "8"]
[White "Mrinmoy, Rajkhowa"]
[Black "Brejnik, Gustav"]
[Result "1/2-1/2"]
[WhiteElo "2068"]
[BlackElo "2220"]
[PlyCount "0"]
[EventDate "2025.08.08"]
[EventRounds "9"]
[EventCountry "CZE"]

1. e4 c6 2. d4 d5 3. f3 dxe4 4. fxe4 e5 5. Nf3 Bg4 6. c3 Nd7 7. Be2 Bd6 8. O-O Ngf6
9. Nbd2 b5 10. Nxe5 Bxe2 11. Qxe2 Bxe5 12. dxe5 Nxe5 13. Nf3 Nxf3+ 14. Qxf3 O-O 15.
Bg5 Qb6+ 16. Kh1 Nd7 17. Qf5 Qc7 18. Bf4 g6 19. Bxc7 gxf5 20. Rxf5 Rac8 21. Bd6 Rfe8
22. Rg5+ Kh8 23. e5 Re6 24. Rd1 Rce8 25. Kg1 Nxe5 26. Bxe5+ Rxe5 27. Rxe5 Rxe5 28.
Rd6 Re2 29. Rxc6 Rxb2 30. Ra6 Rc2 31. Rxa7 Rc1+ 32. Kf2 Rxc3 33. Rb7 Kg7 34. Rxb5
Rc2+ 35. Kf3 Rxa2  1/2-1/2

[Event "Summer Prague Open 2025 - A"]
[Site "Olympik hotel, Sokolovska 138, Praha"]
[Date "2025.08.12"]
[Round "5"]
[Board "9"]
[White "Kozissnik, Christian"]
[Black "Mannion, Stephen R"]
[Result "1/2-1/2"]
[WhiteElo "2062"]
[BlackElo "2179"]
[PlyCount "0"]
[EventDate "2025.08.08"]
[EventRounds "9"]
[EventCountry "CZE"]

1. d4 d5 2. Nf3 Nf6 3. g3 Bf5 4. Bg2 e6 5. O-O h6 6. c4 c6 7. Nc3 Nbd7 8. b3 Be7
9. Bb2 O-O 10. e3 Re8 11. Qe2 Ne4 12. Nd2 Nxd2 13. Qxd2 Nf6 14. Qe2 Bf8 15. Rfd1
Qd7 16. Rd2 Rad8 17. Rad1 Bb4 18. a3 Bxc3 19. Bxc3 Ne4 20. Bxe4 Bxe4 21. Re1 f6  1/2-1/2

[Event "Summer Prague Open 2025 - A"]
[Site "Olympik hotel, Sokolovska 138, Praha"]
[Date "2025.08.12"]
[Round "5"]
[Board "10"]
[White "Domanskiy, Mykola"]
[Black "Mikulka, Martin Michael"]
[Result "1-0"]
[WhiteElo "2166"]
[BlackElo "2062"]
[PlyCount "0"]
[EventDate "2025.08.08"]
[EventRounds "9"]
[EventCountry "CZE"]

1. d4 Nf6 2. c4 e6 3. Nf3 d5 4. Nc3 dxc4 5. e4 b5 6. e5 Nd5 7. Nxb5 Nb6 8. Be2 Nc6
9. O-O Be7 10. Be3 O-O 11. Nc3 Bb7 12. Qb1 Nb4 13. Ne4 h6 14. Ned2 Ba6 15. b3 cxb3
16. Bxa6 b2 17. Qxb2 Nxa6 18. a3 Qd5 19. Rfc1 Rfc8 20. Nb1 c5 21. Nc3 Qd7 22. Qe2
c4 23. Nd2 Nb8 24. a4 a5 25. Nce4 Nc6 26. Qg4 Kh7 27. Ng3 f5 28. exf6 Bxf6 29. Nxc4
Nxc4 30. Rxc4 Ne7 31. Qe4+ Nf5 32. Rac1 g6 33. Nxf5 exf5 34. Qc2 Rxc4 35. Qxc4 Rd8
36. g3 Bg7 37. Qc7 Qe8 38. Qxa5 Bxd4 39. Rd1 Bb6 40. Rxd8 Bxd8 41. Qa7+ Kg8 42. Qa8
Kh7 43. a5 Qd7 44. a6 Bc7 45. Qb7 h5 46. Bf4  1-0

[Event "Summer Prague Open 2025 - A"]
[Site "Olympik hotel, Sokolovska 138, Praha"]
[Date "2025.08.12"]
[Round "5"]
[Board "11"]
[White "Vilimek, Vit"]
[Black "Glimbrant, Torbjorn"]
[Result "0-1"]
[WhiteElo "2159"]
[BlackElo "2039"]
[PlyCount "0"]
[EventDate "2025.08.08"]
[EventRounds "9"]
[EventCountry "CZE"]

1. Nf3 Nf6 2. g3 g6 3. Bg2 Bg7 4. O-O O-O 5. c4 c6 6. d4 d5 7. cxd5 cxd5 8. Nc3 e6
9. b3 Nc6 10. e3 a6 11. Ba3 Re8 12. Rc1 Qa5 13. Bb2 b5 14. Qe2 Bb7 15. Rfd1 Rac8
16. a3 Qb6 17. Ne1 Na5 18. b4 Nc4 19. Nd3 Ne4 20. Nxe4 dxe4 21. Nc5 f5 22. Rxc4 bxc4
23. Qxc4 Rc7 24. Bf1 h5 25. h4 Kh7 26. Qb3 Qd6 27. Qa4 Ra8 28. Nxb7 Rxb7 29. Rc1
Rc7 30. Rc5 Raa7 31. Qa5 Bf6 32. a4 g5 33. hxg5 Bxg5 34. d5 Bxe3 35. fxe3 Qxg3+ 36.
Kh1 Rg7  0-1